|
|
|
|
| LEADER |
01821nam a2200445 a 4500 |
| 001 |
28524 |
| 003 |
BD-DhAAL |
| 005 |
20240715140134.0 |
| 008 |
141028s2006 nyu 000 1 eng |
| 010 |
|
|
|a 2005052416
|
| 020 |
|
|
|a 0871139294 (hardcover)
|
| 020 |
|
|
|a 9780670058785
|
| 020 |
|
|
|a 0670058785
|
| 040 |
|
|
|a DLC
|c DLC
|d DLC
|d BD-DhAAL
|
| 043 |
|
|
|a a-ii---
|
| 050 |
0 |
0 |
|a PS3554.E82
|b I54 2006
|
| 082 |
0 |
0 |
|a 813.54
|2 22
|
| 100 |
1 |
|
|a Desai, Kiran,
|d 1971-
|9 5882
|
| 245 |
1 |
4 |
|a The inheritance of loss /
|c Kiran Desai.
|
| 260 |
|
|
|a New York ;
|a India :
|b Atlantic Monthly Press;
|b Penguin viking;
|b Penguin random house India,
|c c2006, 2015.
|
| 300 |
|
|
|a 324 pages ;
|c 24 cm.
|
| 526 |
|
|
|a AAL
|
| 541 |
|
|
|a Paragon Enterprises Ltd., R. K. Corporation
|e 28524, 42434
|
| 586 |
|
|
|a Man Booker Prize for Fiction, 2006.
|
| 650 |
|
0 |
|a Grandparent and child
|v Fiction.
|9 5883
|
| 650 |
|
0 |
|a Judges
|x Retirement
|v Fiction.
|9 5884
|
| 650 |
|
0 |
|a Tutors and tutoring
|v Fiction.
|9 5885
|
| 650 |
|
0 |
|a Ethnic relations
|v Fiction.
|9 5886
|
| 650 |
|
0 |
|a Teenage girls
|v Fiction.
|9 5887
|
| 650 |
|
0 |
|a Grandfathers
|v Fiction.
|9 5888
|
| 650 |
|
0 |
|a Older men
|v Fiction.
|9 5889
|
| 650 |
|
0 |
|a Orphans
|v Fiction.
|9 5638
|
| 651 |
|
0 |
|a Kānchenjunga (Nepal and India)
|v Fiction.
|9 5890
|
| 655 |
|
7 |
|a Psychological fiction.
|2 lcsh
|
| 655 |
|
7 |
|a Domestic fiction.
|2 lcsh
|
| 852 |
|
|
|a Ayesha Abed Library
|
| 942 |
|
|
|2 ddc
|c BK
|
| 999 |
|
|
|c 32995
|d 32995
|
| 952 |
|
|
|0 0
|1 0
|2 ddc
|4 0
|6 813_540000000000000_DES
|7 0
|9 43952
|a BRACUL
|b BRACUL
|c AWC
|d 2014-10-28
|e Paragon Enterprises Ltd.
|g 732.00
|l 5
|m 18
|o 813.54 DES
|p 3010028524
|r 2025-10-26
|s 2025-10-20
|t 1
|w 2014-10-28
|y AWC
|
| 952 |
|
|
|0 0
|1 0
|2 ddc
|4 0
|6 813_540000000000000_DES
|7 0
|9 75313
|a BRACUL
|b BRACUL
|c AWC
|d 2024-04-02
|e R K Corporation
|g 780.00
|l 9
|m 5
|o 813.54 DES
|p 3010042434
|r 2026-05-03
|s 2026-04-27
|t 2
|w 2024-04-02
|y AWC
|